000 00303nam a2200109Ia 4500
008 200302s9999 xx 000 0 und d
100 _aNirmala Rao
245 _aReshaping city governance London, Mumbai, Kolkata, Hyderabad
260 _bRoutledge Taylor and Francis Group
260 _c2015
300 _a233
999 _c5949
_d5949